00721cam a2200229 a 450000100070000000500170000700800410002401000170006502000150008204000180009704100080011508000150012308200150013810000070015310100080016024500960016850400390026490600450030394200120034899900170036095201140037788156420180212031645.0800215s1980 nyu b 001 0 eng  a 80011705  a0442206615 aDLCcDLCdDLC aeng a305.26 BEN00a305.26 BEN a50 aSOC00aAging, isolation, and resocialization /cedited by Ruth Bennett ; foreword by Joseph Zubin. aIncludes bibliographies and index. a7bcbccorignewd1eocipf19gy-gencatlg 2ddccBK c42276d42276 00102udc40708PËKGa002b002cPËKGd2018-02-12l0o305.26 BENp002-2998681r2018-02-12w2018-02-12yBK